| 000 | 01120cam a22003257a 4500 | ||
|---|---|---|---|
| 003 | CHAP | ||
| 005 | 20220329142426.0 | ||
| 008 | 010116d2000 mx r 00110 spa d | ||
| 010 | _a83269 | ||
| 011 | _a84241 | ||
| 035 | _a94760 | ||
| 040 | _cCHAP | ||
| 090 | _aTesis | ||
| 100 | 0 | 0 |
_aGarcía Sánchez, Laura. _946646 |
| 245 | 1 | 0 |
_aCultivo de Lentinula edodes (BERK.) Pegler, empleando tres formas de obtención de inóculo _c/por Laura García Sánchez |
| 260 |
_aChapingo, Méx. : _bEl autor, _c2000. |
||
| 300 |
_a74 h. : _bgráfs. |
||
| 502 | _aTesis (Ing. Agr. Esp. en Fitotecnia) -- UACH. Departamento de Fitotecnia | ||
| 590 |
_aALEPH _b10 _c20130110 _lUCH01 _h1440 |
||
| 590 |
_aBATCH-UPD _b10 _c20130110 _lUCH01 _h0701 |
||
| 590 |
_aBATCH-UPD _b10 _c20130410 _lUCH01 _h0347 |
||
| 590 |
_aBATCH-UPD _b10 _c20130914 _lUCH01 _h1530 |
||
| 590 |
_aCONVERSION _b10 _c20130109 _lUCH01 _h1346 |
||
| 650 | 1 | 4 |
_aLentinula edodes. _966040 |
| 901 | _aBK | ||
| 905 | _aLilia Sánchez G. | ||
| 942 | _cFOLL | ||
| 949 |
_bBC _cTES _d33724000808796 _eTS2 _fc.2 _h37835 _i94760 _si |
||
| 949 |
_bBC _cTES _d947601 _eTS1 _h37834 _i94760 _sb |
||
| 999 |
_c83269 _d83269 |
||